In dialogue: essays on current issues of the interreligious relationship

Gespeichert in:
Bibliographische Detailangaben
Format: Buch
Sprache:Englisch
Veröffentlicht: Nueva York Anti-Defamation League 1993
Schlagworte:
Tags: Tag hinzufügen
Keine Tags, Fügen Sie den ersten Tag hinzu!

MARC

LEADER 00000nam a2200000 a 4500
001 UCY1742
003 CL-VaPUC
008 940914e19930000US |||||||||||||||||eng|d
082 0 4 |a 270.82  |b IND  |2 21 
245 1 0 |a In dialogue: essays on current issues of the interreligious relationship 
300 |a v 
942 |c BK 
945 |d 19940914 00:00:00  |a aalvarez 
260 |a Nueva York  |b Anti-Defamation League  |c 1993 
650 0 |a Ecumenismo  |9 255639 
650 7 |a JUDAISMO RELACIONES  |2 CL-VaPUC  |9 329738 
583 |a last modification  |c 19940914 00:00:00  |k Rodrigo Vera 
999 |c 230347  |d 230345 
952 |0 0  |1 0  |4 0  |6 270_820000000000000_IND_1993  |7 0  |8 A  |9 232521  |a BIBTEO  |b BIBTEO  |d 2019-11-15  |h v.1  |i 3018679  |o 270.82 IND 1993  |p 3018679  |r 2025-01-17  |w 2019-11-15  |y BK  |k ICR 
952 |0 0  |1 0  |4 0  |6 270_820000000000000_IND_1993  |7 0  |8 A  |9 232522  |a BIBTEO  |b BIBTEO  |d 2019-11-15  |h v.1  |i 3018687  |o 270.82 IND 1993  |p 3018687  |r 2025-01-17  |w 2019-11-15  |y BK  |k ICR 
952 |0 0  |1 0  |4 0  |6 270_820000000000000_IND_1993  |7 0  |8 A  |9 232523  |a BIBTEO  |b BIBTEO  |d 2019-11-15  |h v.2  |i 3018695  |o 270.82 IND 1993  |p 3018695  |r 2025-01-17  |w 2019-11-15  |y BK  |k ICR